FC Nantes Squad 2021-2022 - Statistics

General Stats
  • This quiz has been taken 18 times
  • The average score is 17 of 29
Answer Stats
# Position Nation Player % Correct
1 GK Ivory Coast Alban Lafont
100%
5 MF Spain Pedro Chirivella
100%
3 DF Brazil Andrei Girotto
93%
11 FW Guadeloupe Marcus Coco
93%
4 DF France Nicolas Pallois
93%
10 MF France Ludovic Blas
87%
27 FW Nigeria Moses Simon
87%
23 FW France Randal Kolo Muani
87%
18 MF DR Congo Samuel Moutoussamy
80%
2 DF Brazil Fábio
73%
29 DF France Quentin Merlin
73%
14 DF Mali Charles Traoré
67%
30 GK Slovenia Denis Petrić
67%
21 DF Cameroon Jean-Charles Castelletto
67%
16 GK France Rémy Descamps
67%
7 FW Mali Kalifa Coulibaly
60%
- Coach France Antoine Kombouaré
53%
33 MF Armenia Gor Manvelyan
53%
26 FW Ghana Osman Bukari
40%
28 FW Belgium Renaud Emond
40%
6 MF France Roli Pereira de Sa
33%
24 DF France Sébastien Corchia
33%
8 MF France Wylan Cyprien
33%
31 DF Guinea Abdoulaye Sylla
27%
12 DF France Dennis Appiah
27%
13 DF Mali Molla Wagué
20%
20 FW France Jean-Kévin Augustin
13%
19 FW France Willem Geubbels
13%
40 GK France Charly Jan
7%
No matching quizzes found
Score Distribution
Percent of People with Each Score
Percentile by Number Answered
Your Score History
You have not taken this quiz